LDR 00888naa#a2200169#i#450# 001 RU\INFRA-M\bibl\114983 005 20260602165153.2 011 ## _a2500-0519 100 ## _a20260306b2026####ek#y0rusy0150####ca 102 ## _aRU 200 1# _aГлагольная морфология и заимствования в грузинском интернет-языке _eЖурнальная статья 210 1# _aМосква _cОбщество с ограниченной ответственностью «Научно-издательский центр ИНФРА-М» _d2026 215 ## _a8 с. 608 ## _aЖурнальная статья _2local 675 ## _aЛингвистика. Языкознание. Языки. 81 _aОбщие вопросы филологии, лингвистики и литературы. Риторика. 80 _z 700 #1 _aКагирова _gВ. А. 856 4# _anaukaru.ru _u